Giáo trình kỹ thuật nhiệt : Dùng cho các trường đào tạo hệ cao đẳng nghề và trung cấp nghề
Zapisane w:
| 1. autor: | |
|---|---|
| Format: | Sách |
| Język: | Undetermined |
| Wydane: |
Giáo dục
2009
|
| Hasła przedmiotowe: | |
| Etykiety: |
Dodaj etykietę
Nie ma etykietki, Dołącz pierwszą etykiete!
|
| Thư viện lưu trữ: | Trung tâm Thư viện - Trường Đại học Công nghiệp TP. Hồ Chí Minh |
|---|
| LEADER | 00603nam a2200157Ia 4500 | ||
|---|---|---|---|
| 001 | UIH_03337 | ||
| 008 | 231011s9999 xx 000 0 und d | ||
| 082 | |a 621.402 | ||
| 100 | |a Trương Ngọc Tuấn | ||
| 245 | 0 | |a Giáo trình kỹ thuật nhiệt : Dùng cho các trường đào tạo hệ cao đẳng nghề và trung cấp nghề | |
| 245 | 0 | |c Trương Ngọc Tuấn | |
| 260 | |b Giáo dục | ||
| 260 | |c 2009 | ||
| 650 | |a Nhiệt học; | ||
| 927 | |a Sách | ||
| 980 | |a Trung tâm Thư viện - Trường Đại học Công nghiệp TP. Hồ Chí Minh | ||